000 00943nam a2200301 i 4500
003 EG-GICUC
005 20260304215857.0
008 260304s1868 fr ||||fr|||| 00| 0 fre d
040 _aEG-GiCUC
_bfre
_cEG-GiCUC
_dEG-GiCUC
_eRda
041 _afre
082 0 4 _221
_a341.63
_bBA.C
092 0 4 _221
099 _aLaw1 11 341.63 BA.C 1868
100 1 _a Basily , Alexandre
_eAuteur
245 _aDu La Contrebande De Guerre :
_bHistoire Et Jurisprudence /
_cAlexandre Basily .
264 _aParis :
_bLIBRAIRE DU CONSEIL D'ÉTAT ,
_c1868.
300 _a90 page ;
_c 24 cm.
336 _2rda contenu
_a texte
337 _2rda medias
_aOrdinateur
338 _2 transporteur rda
_a Ressource en ligne
546 _aTexte en français
650 1 _aThe conduct of war
650 1 _aweapons and methods
651 1 _2qrmak
856 4 0 _uhttps://fll.law.cu.edu.eg/fulltext/bks/B11-08719.pdf
905 _a60
942 _2ddc
_cBK
_e21
_n0
999 _c64949
_d64949